ბათუმის შოთა რუსთაველის სახელმწიფო უნივერსიტეტის ბიბლიოთეკა

ბრინჯაოს ინდუსტრიის ისტორიისათვის უძველეს საქართველოში / (ბიბ.ჩანაწერი № 59715)

000 -ლიდერი
ფიქსირებული სიგრძის საკონტროლო ველი 01146nam a22002297a 4500
003 - საკონტროლო ნომრის იდენტიფიკატორი
საკონტროლო ველი Ge_BSU
005 - ბოლო ოპერაციის თარიღი და დრო
საკონტროლო ველი 20230405122735.0
008 - ფიქსირებული სიგრძის მონაცემთა ელემენტები - ზოგადი ინფორმაცია
ფიქსირებული სიგრძის საკონტროლო ველი 230405s2013 ge ||||| |||| 00| 0 geo d
020 ## - წიგნის საერთაშორისო სტანდარტული ნომერი
International Standard Book Number 9789941931147
041 ## - ენის კოდი
Language code of text/sound track or separate title geo
080 ## - უნივერსალური ათობითი კლასიფიკაციის ინდექსი
Universal Decimal Classification number 903.05 : 669.35](479.22) ჯ-26
100 ## - მთავარი ჩანაწერი - პიროვნების სახელი
Personal name ჯაფარიძე, ოთარ
9 (RLIN) 17492
245 ## - ცნობა სათაურის შესახებ
Title ბრინჯაოს ინდუსტრიის ისტორიისათვის უძველეს საქართველოში /
Statement of responsibility, etc ოთარ ჯაფარიძე ; საქ. ეროვნ. მუზეუმი.
264 ## - წარმოების, გამოცემის, დისტრიბუციის და სხვა ცნობები
გამოცემის, წარმოების, დისტრიბუციის... ადგილი თბილისი,
გამოცემის, წარმოების, დისტრიბუციის... თარიღი 2013.
300 ## - ფიზიკური აღწერა
Extent 88 გვ. :
Other physical details სურ., ტაბ. ;
Dimensions 29 სმ.
501 ## - შენიშვნა თანმხლებ მასალაზე
With note ტაბულები: გვ. 64-88.
504 ## - BIBLIOGRAPHY, ETC. NOTE
Bibliography, etc ბიბლიოგრ.: გვ. 54-61.
653 ## - INDEX TERM--UNCONTROLLED
Uncontrolled term ბრინჯაოს წარმოება საქართველოში
653 ## - INDEX TERM--UNCONTROLLED
Uncontrolled term ბრინჯაოს მეტალურგიის ისტორია საქართველოში
710 ## - ADDED ENTRY--CORPORATE NAME
Corporate name or jurisdiction name as entry element საქ. ეროვნ. მუზეუმი.
9 (RLIN) 17493
942 ## - ADDED ENTRY ELEMENTS (KOHA)
Source of classification or shelving scheme
Koha item type წიგნი
ეგზემპლარები
ჩამოწერის სტატუსი დაკარგული ეგზემპლარის სტატუსი კლასიფიკაციის წყარო ან თაროზე გაწყობის სქემა დაზიანების სტატუსი არ გაიცემა მუდმივი მდებარეობა (დაცვის ადგილი) ამჟამინდელი ადგილსამყოფელი თაროზე განთავსების ადგილი შეძენის თარიღი ღირებულება, შესყიდვის ნორმალური ფასი სრული შენახვის შიფრი შტრიხკოდი ბოლო ოპერაციის თარიღი ეგზემპლარის მიმდევრობითი ნომერი (კეტერი?) Uniform Resource Identifier ფასის ძალაში შესვლის თარიღი ეგზემპლარის სახეობა საჯარო შენიშვნა
          ბათუმის შოთა რუსთაველის სახელმწიფო უნივერსიტეტის მთავარი ბიბლიოთეკა ბათუმის შოთა რუსთაველის სახელმწიფო უნივერსიტეტის მთავარი ბიბლიოთეკა წიგნსაცავი 2023-04-05 8.00 903.05 : 669.35](479.22) ჯ-26 64177 2023-04-05 64177 ბსუ-ს საპატიო დოქტორის გურამ ლორთქიფანიძის საჩუქარი 2023-04-05 წიგნი 8 ლ.